| 000 | 01126nam a22002297a 4500 | ||
|---|---|---|---|
| 005 | 20100810135539.0 | ||
| 010 | _aHIN-90119 | ||
| 020 |
_a8187215097 _c125.00 |
||
| 035 | _aHN-62465 | ||
| 037 | _bDBAD / PUB | ||
| 082 | _aउ | ||
| 100 |
_aचट्टोपाध्याय, शरतचन्द्र _910420 |
||
| 245 |
_aचन्द्रनाथ / _cशरतचन्द्र चट्टोपाध्याय |
||
| 246 |
_aChandranath _bby Sharat Chandra Chattopadhyaya |
||
| 250 | _a2रा संस्क | ||
| 260 |
_aनई दिल्ली _bचिल्ड्रन बुक सदन _c2010 |
||
| 270 |
_aRZ-E-5, प्रथम तल, गांधी मर्केट, वैस्ट सागरपुर _bनई दिल्ली _e110046 |
||
| 300 |
_a96पृ. _c22सेमी (सजिल्द) |
||
| 650 |
_aहिन्दी कथा साहित्य _9657 |
||
| 942 |
_2ddc _cHN _hउ _mचट्टोपा |
||
| 999 |
_c40785 _d40785 |
||